000 00561nam a2200193Ia 4500
001 67456
003 OSt
005 20160315115549.0
008 150604s9999 xx 000 0 und d
020 _aNA
040 _cPK-LaUMT
082 _a 610.92
_bSOF-Y
100 _aSofi, M. A.
245 _a(یادیں ملاقاتیں )Yaden molaqaten (Urdu)
_b(آپبیتی)aapbeeti
_c(صوفی)Sofi, M. A.
260 _a(لاہور، پاکستان)Lahore,Pakistan:
_b(دی بک ھاوس)The Book House,
_c2014
300 _a328 p.
546 _aUR
942 _cBK
_2ddc
999 _c72832
_d72832